Sociálny rozmer európskej integrácie diplomová práca

Na minha lista:
Detalhes bibliográficos
Autor principal: Jacková, Jana
Autor Corporativo: Ekonomická univerzita v Bratislave. Fakulta medzinárodných vzťahov
Outros Autores: Rusiňák, Peter
Formato: Livro
Idioma:eslovaco
Publicado em: Bratislava 2010
Tags: Adicionar Tag
Sem tags, seja o primeiro a adicionar uma tag!

MARC

LEADER 00000nam a2200000 4500
001 0121445
005 20240318123436.0
041 0 |a slo 
044 |a SK 
245 1 0 |a Sociálny rozmer európskej integrácie  |b diplomová práca  |c Jana Jacková ; škol. Peter Rusiňák 
264 1 |a Bratislava  |c 2010 
300 |a 72 s. 
100 1 |a Jacková, Jana 
700 1 |a Rusiňák, Peter 
710 2 |a Ekonomická univerzita v Bratislave. Fakulta medzinárodných vzťahov